Factors affecting selection of multiplexes: An empirical study of consumer insights (Record no. 101426)

000 -LEADER
fixed length control field 00432pab a2200169 454500
008 - FIXED-LENGTH DATA ELEMENTS--GENERAL INFORMATION
fixed length control field 180718b2013 xxu||||| |||| 00| 0 eng d
100 ## - MAIN ENTRY--PERSONAL NAME
Personal name Kushwaha, Tarun
245 ## - TITLE STATEMENT
Title Factors affecting selection of multiplexes: An empirical study of consumer insights
260 ## - PUBLICATION, DISTRIBUTION, ETC.
Date of publication, distribution, etc. 2013
300 ## - PHYSICAL DESCRIPTION
Extent p.51-62.
362 ## - DATES OF PUBLICATION AND/OR SEQUENTIAL DESIGNATION
Dates of publication and/or sequential designation Jul-Sep
650 ## - SUBJECT ADDED ENTRY--TOPICAL TERM
Topical term or geographic name entry element Consumers
700 ## - ADDED ENTRY--PERSONAL NAME
Personal name Dubey, Rishi
773 ## - HOST ITEM ENTRY
Main entry heading Abhigyan
908 ## - PUT COMMAND PARAMETER (RLIN)
Put command parameter N
909 ## -
-- 101428
Holdings
Withdrawn status Lost status Damaged status Not for loan Permanent Location Current Location Date acquired Serial Enumeration / chronology Barcode Date last seen Price effective from Koha item type
        Indian Institute of Public Administration Indian Institute of Public Administration 2018-07-19 Volume no: 31, Issue no: 2 AR101888 2018-07-19 2018-07-19 Articles

Powered by Koha